000 00694nam a2200289Ia 4500
005 20260324145237.0
008 008 260324s9999 xx 000 0 eng d
020 _a9780429311031
037 _aEBOOK
040 _aCRL
040 _beng
040 _cCRL
041 _2eng
041 _aeng
084 _qCRL
100 _aRobert E Bedeski
_91222279
245 4 _aThe Fragile Entente
245 4 _bThe 1978 Japan-china Peace Treaty In A Global Context
260 _bTaylor and Francis
260 _c1983
365 _a
365 _b205
856 _uhttp://www.taylorfrancis.com/books/9780429311031
942 _cEBOOK
999 _c1829905
_d1829905